000 01001nam a2200241Ii 4500
003 JO-AjNU
008 230605s9999||||xx |||||||||||||| ||und||
017 _a2019/10/5409
020 _a978-9957-94-549-7
040 _aJO-AjNU
_bara
_erda
_cJO-AjNU
041 _aara
050 1 4 _aDS154.B3488 2020
100 3 _aالبخيت، "محمد عدنان"، م.مشارك نوفان رجا السوارية,
_eauthor
_963619
245 0 0 _aدراسات تاريخية شامية
250 _aالطبعة الاولى
264 3 1 _aعمان: وزارة الثقافة، 2020
300 _a322ص
_bيحتوي على كشافات وفهرس من ص 263-322ص
336 _atext
_btxt
_2rdacontent
337 _aunmediated
_bn
_2rdamedia
338 _avolume
_bnc
_2rdacarrier
490 0 _aسلسلة كتب ثقافية211 تصدرها وزارة الثقافة/الاردن
650 4 _aقوافل الحج-بلاد الشام-العصور التاريخية-التاريخ الاسلامي
_963620
999 _aA28868
_c32436
_d32436